| 000 | 00000nam##2200000za#4500 |
| 001 | 9.607624 |
| 003 | CaOODSP |
| 005 | 20210624213223 |
| 007 | cr ||||||||||| |
| 008 | 150406|1993||||xxc|||||o f|0| 0 fre|d |
| 040 | |aCaOODSP|bfre |
| 043 | |an-cn--- |
| 086 | 1 |aNH18-22/93-200F-PDF |
| 110 | 2 |aSociété canadienne d'hypothèques et de logement. |
| 245 | 10|aVérification des sources canadiennes d'analyse du plomb / |h[ressource électronique] |
| 260 | |aOttawa - Ontario : |bSociété canadienne d'hypothèques et de logement |c[1993]. |
| 300 | |a4p. |
| 490 | 1 |aLe point en recherche et développement; série technique|v93-200 |
| 500 | |aFichier reproduit à partir de l'original polycopié. |
| 590 | |a14-16-Supp|b2014-09-25 |
| 775 | 08|tTesting of Canadian sources for lead analysis |w(CaOODSP)9.557700 |
| 830 | #0|aLe point en recherche et développement; série technique ;|v93-200|w(CaOODSP)9.500900 |
| 856 | 40|ahttp://publications.gc.ca|qPDF|s251 Ko|uhttps://publications.gc.ca/collections/collection_2014/schl-cmhc/NH18-22-93-200-fra.pdf|y93-200 |